Bloodstone (Record no. 350848)

000 -LEADER
fixed length control field 00862cam a2200277 a 4500
001 - CONTROL NUMBER
control field 14109239
003 - CONTROL NUMBER IDENTIFIER
control field OSt
005 - DATE AND TIME OF LATEST TRANSACTION
control field 20180116183027.0
008 - FIXED-LENGTH DATA ELEMENTS--GENERAL INFORMATION
fixed length control field 050915s2006 meub 000 1 eng
010 ## - LIBRARY OF CONGRESS CONTROL NUMBER
LC control number 2005027048
020 ## - INTERNATIONAL STANDARD BOOK NUMBER
International Standard Book Number 1594144389 (hardcover : alk. paper)
040 ## - CATALOGING SOURCE
Original cataloging agency DLC
Transcribing agency DLC
Modifying agency DLC
043 ## - GEOGRAPHIC AREA CODE
Geographic area code n-usn--
050 00 - LIBRARY OF CONGRESS CALL NUMBER
Classification number PS3611.E677
Item number B58 2006
082 00 - DEWEY DECIMAL CLASSIFICATION NUMBER
Classification number 813.54 WAG 1975
Edition number 22
100 1# - MAIN ENTRY--PERSONAL NAME
Personal name Karl Edward Wagner
245 10 - TITLE STATEMENT
Title Bloodstone
Statement of responsibility, etc. Karl Edward Wagner
260 ## - PUBLICATION, DISTRIBUTION, ETC.
Place of publication, distribution, etc. Waterville, Me. :
Name of publisher, distributor, etc. Five Star,
Date of publication, distribution, etc. 1975
300 ## - PHYSICAL DESCRIPTION
Extent 308 p. :
Other physical details PB
Dimensions 22 cm.
440 ## - SERIES STATEMENT/ADDED ENTRY--TITLE
Title Bloodstone
651 #0 - SUBJECT ADDED ENTRY--GEOGRAPHIC NAME
Geographic name New England
Form subdivision Fiction.
655 #7 - INDEX TERM--GENRE/FORM
Genre/form data or focus term Horror fiction.
Source of term gsafd
906 ## - LOCAL DATA ELEMENT F, LDF (RLIN)
a 7
b cbc
c orignew
d 1
e ecip
f 20
g y-gencatlg
942 ## - ADDED ENTRY ELEMENTS (KOHA)
Source of classification or shelving scheme
Koha item type Book
Holdings
Withdrawn status Lost status Source of classification or shelving scheme Damaged status Not for loan Collection code Permanent Location Current Location Shelving location Date acquired Total Checkouts Full call number Barcode Date last seen Price effective from Koha item type
            Central Library (CL) Central Library (CL) Fiction 12/15/2015   813.54 WAG 1975 NBSD-2361 12/15/2015 12/15/2015 Book
© 2023 Central Library, National University of Sciences and Technology. All Rights Reserved.